| 000 | 00924nam a2200289 a 4500 | ||
|---|---|---|---|
| 001 | 24571 | ||
| 003 | CO-ViMGA | ||
| 008 | 141112s2004 ck r 000 u spa d | ||
| 015 | _aSNN | ||
| 020 | _a9789589782279 | ||
| 040 |
_aCO-ViMGA _bspa _cCO-ViMGA |
||
| 041 | _aspa ger | ||
| 043 | _ae - sp - - - | ||
| 090 | _aQUEh | ||
| 100 | 1 |
_aQuevedo y Villegas, Francisco Gómez de 1580 - 1645 _936580 |
|
| 245 | 1 | 0 | _aA un hombre de gran nariz Francisco Gómez de Quevedo y Villegas e Ivar Da Coll |
| 250 | _a1a ed. | ||
| 260 | _aBogotá Babel Libros 2007. | ||
| 300 | _a1 folleto ([32] p.) ilustraciones 14 x 21 cm. | ||
| 541 | _21.000; 1 c. | ||
| 596 | _a2 | ||
| 650 | 1 | 4 |
_aLibros de imagenes para niños _936581 |
| 650 | 1 | 4 |
_aPoesía infantil española _91733 |
| 700 | 1 |
_aDa Coll, Ivar 1962 - _92446 |
|
| 926 | _aB - GENERAL LIT - INFANT I861 Q83F LIBRO 1 | ||
| 942 |
_2ddc _cBK |
||
| 999 |
_c6779 _d6779 |
||